Textos legislatius sobre planificació territorial : Itàlia, Regne Unit, República Federal d' Alemanya / Direcció General de Política Territorial. Servei de Planificació Territorial Itàlia, Regne Unit, República Federal d' Alemanya / Direcció General de Política Territorial. Servei de Planificació Territorial
Publicado:
Barcelona :
Departament de Política Territorial i Obres Públiques. Generalitat de Catalunya ,
1982
Descripción Física:
125 p. ; 30 cm
MARC
| LEADER | 00000nam a2200000Ia 4500 | ||
|---|---|---|---|
| 001 | 1573 | ||
| 008 | 160829s1982 xx 000 0 cat d | ||
| 080 | |a D-1-1 | ||
| 245 | |a Textos legislatius sobre planificació territorial : |b Itàlia, Regne Unit, República Federal d' Alemanya / Direcció General de Política Territorial. Servei de Planificació Territorial | ||
| 260 | |a Barcelona : |b Departament de Política Territorial i Obres Públiques. Generalitat de Catalunya, |c 1982 | ||
| 300 | |a 125 p. ; |c 30 cm | ||
| 650 | 0 | |a Ordenació del territori |z Europa |x Dret i legislació |9 37085 | |
| 650 | 0 | |a Ordenació del territori |9 9543 |z Europa | |
| 710 | |a Catalunya. |b Departament de Política Territorial i Obres Públiques |9 53042 | ||
| 901 | |a Arxiu | ||
| 942 | |n 1 |2 udc | ||
| 952 | |0 0 |1 0 |4 0 |6 D11 |7 1 |9 47644 |a Arxiu |b Arxiu |d 2016-12-01 |l 0 |o D-1-1 |p 1573 |r 2016-12-01 00:00:00 |w 2016-12-01 |y ARXIU | ||
| 999 | |c 51443 |d 51443 | ||